Statistics for Biggest Cities in the World Quiz

Click here to take the quiz!

General Stats

  • This quiz has been taken 564,291 times
    (112,877 since last reset)
  • The average score is 25 of 50

Answer Stats

PopulationUrban Area% Correct
23.1 milNew York City
95%
40.8 milTokyo
93%
14.8 milLondon
90%
11.4 milParis
88%
20.9 milBeijing
86%
17.7 milLos Angeles
85%
18.8 milMoscow
83%
33.4 milDelhi
82%
24.9 milMexico City
77%
40.0 mil
Shanghai
77%
13.4 milRio de Janeiro
73%
26.6 milMumbai
70%
22.2 milCairo
68%
28.9 milJakarta
64%
24.9 milSeoul
64%
16.7 milBuenos Aires
62%
9.90 milChicago
62%
16.1 milIstanbul
61%
23.0 milSão Paulo
61%
20.5 milBangkok
58%
21.4 milLagos
55%
67.8 milGuangzhou / Shenzhen
53%
26.7 milManila
53%
17.7 milOsaka
50%
16.2 milTehran
48%
10.2 milBogotá
47%
21.3 milDhaka
47%
11.6 milLima
45%
14.8 milJohannesburg
44%
17.4 milKolkata
44%
19.1 milKarachi
41%
11.8 milWuhan
41%
13.5 milHo Chi Minh City
40%
15.0 milKinshasa
37%
9.20 milTaipei
35%
13.7 milBangalore
32%
9.15 milRiyadh
32%
12.2 milChennai
31%
14.4 milLahore
31%
12.3 milXi'an
30%
10.5 milChongqing
27%
11.1 milHyderabad
27%
16.6 milChengdu
25%
11.4 milTianjin
24%
10.5 milNagoya
21%
9.30 milAhmedabad
19%
14.5 milXiamen
17%
13.4 milHangzhou
16%
10.5 milChangsha
8%
9.45 milZhengzhou
7%

Score Distribution

Percentile by Number Answered

Percent of People with Each Score

Your Score History

You have not taken this quiz since the last reset